000 01089nam0a22002531 4500
001 rc\490025
005 20100225143509.3
035 _a(NLR Aleph) 008771204
090 _a7925178
_c7925178
100 _a20030616d1988 u |0rusy50 ca
101 0 _arus
102 _aRU
105 _ay |||||||||
200 1 _aМЕТОДИЧЕСКИЕ рекомендации для изучения, обобщения и внедрения передового педагогического опыта
_fМ-во просвещения РСФСР, Башк. гос. пед. ин-т
_g[Разраб. Ф.Ш. Терегулов, к. п. н., доц.]
210 _aУфа
_cБГПИ
_d1988
215 _a16 с.
_d20
702 1 _aТерегулов
_bФ. Ш.
_gФиларит Шарифович
_4570
712 0 2 _aБашкирский государственный педагогический институт
_cУфа
_3RU\NLR\AUTH\889932276
_4570
801 0 _aRU
_bNLR
_gpsbo
801 1 _aRU
_bELAR
_2rusmarc
801 2 _aRU
_bNLR
_c20100225
_2rusmarc
852 _aNLR
_j89-4/3642
942 _cBOOK
980 _aNB